The My By Islan Shattering (Record no. 26124)

MARC details
000 -LEADER
fixed length control field 00344nam a2200145Ia 4500
008 - FIXED-LENGTH DATA ELEMENTS--GENERAL INFORMATION
fixed length control field 230718s9999 xx 000 0 und d
041 ## - LANGUAGE CODE
-- Eng.
082 ## - DEWEY DECIMAL CLASSIFICATION NUMBER
Classification number 297
Item number LAW-T
100 ## - MAIN ENTRY--AUTHOR
Author Name Lawrence, Bruces
245 #4 - TITLE STATEMENT
Title The My By Islan Shattering
260 ## - PUBLICATION, DISTRIBUTION, ETC.
Place of Publication Pakistan
Name of publisher, distributor, etc. oxford univery Pass
Date of publication, distribution, etc. 1998
300 ## - PHYSICAL DESCRIPTION
Pages 237
650 ## - SUBJECT ADDED ENTRY--TOPICAL TERM
Subject / Department Law
952 ## - LOCATION AND ITEM INFORMATION (KOHA)
-- 0
-- 0
Holdings
Lost status Damaged status Permanent Location Current Location Date acquired Full Call Number Accession No./Barcode Date last seen item type
    Superior Information Resource Center (SIRC) Superior University-Law Campus Superior Information Resource Center (SIRC) Superior University-Law Campus 07/18/2023 297 LAW-T 21076 07/18/2023 BOOK

Powered by Koha